[Event "AUTO-ADV-4906"]
[Site "http://www.queenalice.com/game.php?id=1866363"]
[Date "2025.11.29"]
[Round "1"]
[White "oniwa"]
[Black "caradepau"]
[Result "1-0"]
[WhiteElo "1810"]
[BlackElo "1706"]

1. d4 d5 2. c4 Bf5 3. Nc3 e6 4. Nf3 h6 5. Bf4 a6 6. e3 Bb4 7. Bd3 Bxc3+ 8. bxc3
Bxd3 9. Qxd3 Nf6 10. O-O O-O 11. Be5 Nc6 12. cxd5 exd5 13. Rfb1 b5 14. Nh4 Nxe5
15. dxe5 Ne4 16. Rb4 Qxh4 17. Rf1 Rae8 18. Qxd5 c5 19. Rxe4 Qe7 20. a3 Rd8 21.
Qc6 Rd3 22. Rc1 Rfd8 23. h3 Rd1+ 24. Rxd1 Rxd1+ 25. Kh2 Rc1 26. Qc8+ Kh7 27.
Qxa6 Rxc3 28. Qxb5 f5 29. Rc4 Rxc4 30. Qxc4 Qxe5+ 31. g3 g5 32. Qf7+ Qg7 33.
Qxf5+ Qg6 34. Qxc5 h5 35. a4 g4 36. h4 Kh6 37. Qg5+ Qxg5 38. hxg5+ Kxg5 39. a5
h4 40. gxh4+ Kxh4 41. a6 Kg5 42. a7 Kh4 43. a8=Q g3+ 44. fxg3+ Kg4 45. Qe4+ Kh5
46. Qf5+ Kh6 47. g4 Kg7 48. g5 Kg8 49. g6 Kg7 50. Qf7+ Kh8 51. Qh7# 1-0

[Event "AUTO-ADV-4906"]
[Site "http://www.queenalice.com/game.php?id=1866364"]
[Date "2025.11.29"]
[Round "1"]
[White "caradepau"]
[Black "oniwa"]
[Result "1-0"]
[WhiteElo "1689"]
[BlackElo "1878"]

1. e4 e5 2. Bc4 Nf6 3. d3 Nc6 4. a3 Bc5 5. h3 O-O 6. Nf3 a6 7. Nc3 b5 8. Ba2 d6
9. O-O Bb7 10. Bg5 h6 11. Bh4 Nd4 12. Nxd4 Bxd4 13. Qd2 g5 14. Bxg5 hxg5 15.
Qxg5+ Kh8 16. Qh6+ Nh7 17. Rab1 Bxc3 18. bxc3 d5 19. Qh5 Qd6 20. exd5 Bxd5 21.
Bxd5 Qxd5 22. Rfe1 Rae8 23. c4 bxc4 24. dxc4 Qxc4 25. Re3 Qxc2 26. Rbe1 f6 27.
Re4 Qc3 28. Kf1 Qxa3 29. Rh4 Rf7 30. Qxf7 Qd3+ 31. Kg1 Rc8 32. Qxf6+ Kg8 33.
Qe6+ 1-0

[Event "AUTO-ADV-4906"]
[Site "http://www.queenalice.com/game.php?id=1866366"]
[Date "2025.11.29"]
[Round "1"]
[White "WHUSIRO"]
[Black "oniwa"]
[Result "1-0"]
[WhiteElo "1994"]
[BlackElo "1896"]

1. e4 e5 2. Nf3 Nc6 3. Bb5 d6 4. h3 Nf6 5. d3 Bd7 6. c3 a6 7. Ba4 Be7 8. Bg5 O-O
9. O-O b5 10. Bc2 h6 11. Be3 d5 12. exd5 Nxd5 13. Bd2 a5 14. Re1 Bd6 15. Qe2 Re8
16. Bb3 Nf4 17. Bxf4 exf4 18. Qd2 Qf6 19. Qd1 Qg6 20. Kh1 a4 21. Bc2 Re6 22. d4
Qh5 23. Rxe6 Bxe6 24. Be4 Bd5 25. Nbd2 Re8 26. Bxd5 Qxd5 27. Nf1 Na5 28. N1d2 c5
29. Qf1 Rb8 30. Qe2 cxd4 31. Nxd4 Nc4 32. Nxc4 bxc4 33. Rd1 Qb7 34. Rd2 a3 35.
b3 cxb3 36. Nxb3 Be7 37. Qd1 Bg5 38. f3 Bf6 39. c4 Kh7 40. Rd7 Qb4 41. Qc2+ Kg8
42. Rd1 Bc3 43. c5 f6 44. Rd3 Be5 45. Qd1 Qc4 46. Kh2 Kh7 47. h4 h5 48. Rd5 Kg6
49. Qd3+ Qxd3 50. Rxd3 1-0

[Event "AUTO-ADV-4906"]
[Site "http://www.queenalice.com/game.php?id=1866367"]
[Date "2025.11.29"]
[Round "1"]
[White "oniwa"]
[Black "MHRangel"]
[Result "0-1"]
[WhiteElo "1854"]
[BlackElo "1718"]

1. d4 e6 2. e4 Nc6 3. Nf3 Nf6 4. Bg5 Be7 5. Bc4 O-O 6. O-O Nxe4 7. Bxe7 Qxe7 8.
Re1 Nd6 9. Bb3 b5 10. Nc3 a5 11. a4 b4 12. Na2 Ba6 13. d5 Nd8 14. c4 c5 15. Ne5
f6 16. Nd3 e5 17. Nxc5 N8b7 18. Nxa6 Rxa6 19. Qd3 Nc5 20. Qh3 f5 21. Bc2 e4 22.
b3 Qf6 23. Nc1 Qxa1 24. Kf1 Qd4 25. Ne2 Qd2 26. Bd1 f4 27. Ng1 Nd3 0-1

[Event "AUTO-ADV-4906"]
[Site "http://www.queenalice.com/game.php?id=1866368"]
[Date "2025.11.29"]
[Round "1"]
[White "MHRangel"]
[Black "oniwa"]
[Result "1-0"]
[WhiteElo "1719"]
[BlackElo "1802"]

1. d4 Nf6 2. c4 e6 3. Nf3 d5 4. e3 Nc6 5. Bd3 Bb4+ 6. Bd2 Bxd2+ 7. Nbxd2 O-O 8.
O-O a6 9. a3 Re8 10. b4 Na7 11. a4 Qd6 12. c5 Qe7 13. Ne5 b6 14. cxb6 cxb6 15.
b5 axb5 16. axb5 Bd7 17. Qb3 h6 18. Ra6 Qd8 19. Rfa1 Qc7 20. Qa4 Qc3 21. Rxa7
Rxa7 22. Qxa7 Qxd2 23. Qxb6 Rc8 24. Bf1 Rc2 25. Qd8+ Kh7 26. Nxf7 Qxf2+ 27. Kh1
Qxe3 28. Qh8+ Kg6 29. Ne5+ Kf5 30. Qxg7 Bxb5 31. Bxb5 Rc1+ 32. Bf1 Rxa1 33. Qg6+
Kf4 34. g3+ 1-0

[Event "AUTO-ADV-4884"]
[Site "http://www.queenalice.com/game.php?id=1868190"]
[Date "2026.1.19"]
[Round "2"]
[White "Fauquinelle"]
[Black "oniwa"]
[Result "0-1"]
[WhiteElo "2002"]
[BlackElo "1836"]

1. e4 e5 2. Nf3 Nc6 3. Bc4 Bc5 4. c3 Nf6 5. d3 O-O 6. O-O Na5 7. Bxf7+ Rxf7 8.
Nxe5 Rf8 9. b4 Bd6 10. bxa5 Bxe5 11. d4 Bxh2+ 12. Kxh2 Nxe4 13. Kg1 d5 14. Bb2
Qg5 15. Bc1 Qg6 16. Be3 Bh3 17. g3 Nxg3 0-1

[Event "AUTO-ADV-4884"]
[Site "http://www.queenalice.com/game.php?id=1868191"]
[Date "2026.1.19"]
[Round "2"]
[White "oniwa"]
[Black "Fauquinelle"]
[Result "0-1"]
[WhiteElo "1809"]
[BlackElo "2025"]

1. d4 f5 2. Nc3 Nf6 3. Bg5 e6 4. Nf3 b6 5. Bxf6 Qxf6 6. e3 Bb4 7. Qd2 Qe7 8. Bc4
Bb7 9. O-O Bxf3 10. gxf3 Bd6 11. Nb5 O-O 12. Nxd6 cxd6 13. Kh1 d5 14. Bd3 Nc6
15. a3 Qh4 16. Rg1 Rf6 17. Rg3 Rh6 18. Rg2 Kh8 19. f4 Rg8 20. f3 g5 21. Rag1
Rhg6 22. e4 gxf4 23. exf5 Rxg2 24. Rxg2 Rg3 25. Qe2 Qh3 26. b4 Nxd4 27. Qe5+ Kg8
28. Bf1 Nxf3 29. Qxf4 Qxh2+ 0-1

[Event "AUTO-ADV-4914"]
[Site "http://www.queenalice.com/game.php?id=1868258"]
[Date "2026.1.21"]
[Round "1"]
[White "Capixaba789"]
[Black "oniwa"]
[Result "1-0"]
[WhiteElo "1991"]
[BlackElo "1818"]

1. d4 Nf6 2. Nc3 e6 3. e4 Bb4 4. Bd2 Bxc3 5. Bxc3 Nxe4 6. Nf3 Nxc3 7. bxc3 O-O
8. Bd3 d5 9. O-O Nd7 10. Re1 Nf6 11. Ne5 a6 12. f4 h6 13. Qf3 Qd6 14. Qg3 Nh5
15. Qg4 Nf6 16. Qg3 Nh7 17. Qf3 f6 18. Ng6 Rf7 19. Qe3 Nf8 20. Nh4 b6 21. f5 Re7
22. Qf3 e5 23. dxe5 Rxe5 24. Rxe5 Qxe5 25. Rf1 Nh7 26. Ng6 Ng5 27. Qf2 Qxc3 28.
Ne7+ Kh7 29. Nxd5 Qc6 30. Ne7 Qa4 31. h4 Ne4 32. Qf3 Bb7 33. Qg4 g5 34. hxg5
fxg5 35. f6 Qd4+ 36. Kh2 Qe5+ 37. Kh1 Kh8 38. Ng6+ 1-0

[Event "AUTO-ADV-4914"]
[Site "http://www.queenalice.com/game.php?id=1868259"]
[Date "2026.1.21"]
[Round "1"]
[White "oniwa"]
[Black "Capixaba789"]
[Result "1-0"]
[WhiteElo "1859"]
[BlackElo "1945"]

1. d4 d5 2. c4 Nf6 3. Nc3 e6 4. Bg5 Be7 5. Nf3 Ne4 6. Bxe7 Qxe7 7. Qc2 f5 8. Ne5
O-O 9. Nxe4 dxe4 10. O-O-O Nc6 11. Nxc6 bxc6 12. c5 a5 13. e3 a4 14. a3 Qd7 15.
Bc4 Kh8 16. Qe2 Bb7 17. f3 exf3 18. Qxf3 Ba6 19. Ba2 Bb5 20. h4 Qf7 21. Rh3 Rae8
22. Bb1 Qf6 23. Rf1 Bxf1 24. Qxf1 Rb8 25. h5 h6 26. g4 e5 27. Qxf5 exd4 28. Qh7#
1-0

[Event "AUTO-ADV-4917"]
[Site "http://www.queenalice.com/game.php?id=1868985"]
[Date "2026.2.7"]
[Round "1"]
[White "Capixabba789"]
[Black "oniwa"]
[Result "1-0"]
[WhiteElo "1817"]
[BlackElo "1799"]

1. d4 d5 2. Nc3 Nf6 3. f4 Nc6 4. Nf3 Bf5 5. a3 e6 6. e3 Bg4 7. Bd3 a6 8. O-O Bd6
9. Qe1 O-O 10. Bd2 b5 11. Qg3 h6 12. Ne5 Bh5 13. Nxc6 Qe8 14. Ne5 c5 15. dxc5
Bxc5 16. Kh1 Nh7 17. e4 d4 18. Ne2 f6 19. Nf3 Bxf3 20. Rxf3 Kh8 21. Raf1 Rg8 22.
Qh3 Rd8 23. Ng3 Bf8 24. Nh5 g6 25. Ng3 g5 26. fxg5 fxg5 27. Re1 g4 28. Qh4 gxf3
29. gxf3 Ng5 30. Bxg5 Rxg5 31. e5 Qc6 32. Be4 Qc5 33. Nf5 exf5 34. Bxf5 Qe7 35.
Qh3 Qf7 36. Bd3 Rh5 37. Qg3 Be7 38. Bg6 Qa2 39. Bxh5 Qxb2 40. Qg6 Bg5 41. f4 Rg8
42. Qf5 Be7 43. e6 Qxa3 44. Qe5+ Kh7 45. f5 Rg5 46. Bg6+ Kg8 47. Qb8+ Bf8 48.
Bf7+ Kg7 49. Qe5+ Kh7 50. Rf1 Bg7 51. Bg6+ Kg8 52. Qb8+ Bf8 53. Bf7+ Kg7 54. f6+
Kh7 55. e7 Bxe7 56. fxe7 Qxe7 57. Qf4 Qe2 58. Bb3 d3 59. Qf7+ Rg7 60. Qf5+ Rg6
61. Rg1 Qe8 62. cxd3 Qc6+ 63. Bd5 Qe8 64. Be4 1-0

[Event "AUTO-ADV-4917"]
[Site "http://www.queenalice.com/game.php?id=1869001"]
[Date "2026.2.7"]
[Round "1"]
[White "oniwa"]
[Black "mvson33"]
[Result "0-1"]
[WhiteElo "1787"]
[BlackElo "1857"]

1. d4 d5 2. c4 Nf6 3. Nc3 e6 4. Bg5 Nbd7 5. e4 dxe4 6. Nxe4 Be7 7. Nxf6+ Nxf6 8.
Nf3 O-O 9. c5 Bd7 10. Bc4 Bc6 11. O-O b6 12. b4 Bxf3 13. Qxf3 Qxd4 14. Qb3 Qd7
15. Rfd1 Qc6 16. b5 Qb7 17. c6 Qc8 18. a4 Rd8 19. Rxd8+ Qxd8 20. Rd1 Qe8 21. Qc2
Rd8 22. Re1 Nd5 23. Bxe7 Qxe7 24. Qe4 Nc3 25. Qc2 Nd5 26. Qb3 Qb4 27. Rd1 Qxb3
28. Bxb3 Kf8 29. g3 Ke7 30. Rd4 Nc3 31. Rg4 g6 32. h4 h5 33. Rf4 Nd5 34. Re4 Rd6
35. Kg2 Nc3 36. Re3 Nd5 37. Rd3 Nf4+ 38. gxf4 Rxd3 39. Bc2 Rd4 40. Kf3 Rd2 41.
Bb1 Rb2 42. Be4 Ra2 0-1

[Event "AUTO-ADV-4917"]
[Site "http://www.queenalice.com/game.php?id=1869002"]
[Date "2026.2.7"]
[Round "1"]
[White "mvson33"]
[Black "oniwa"]
[Result "1/2-1/2"]
[WhiteElo "1860"]
[BlackElo "1784"]

1. e4 e5 2. Nf3 Nc6 3. Bb5 Nf6 4. Nc3 a6 5. Bxc6 dxc6 6. O-O Bg4 7. d3 Bc5 8.
Qe2 O-O 9. Be3 Bb4 10. Bd2 b5 11. Qe3 c5 12. Nxe5 Qd6 13. Nxg4 Nxg4 14. Qf4 Nh6
15. Qxd6 cxd6 16. Bxh6 gxh6 17. Nd5 Ra7 18. Nxb4 cxb4 19. Rfe1 f6 20. Re3 Rg7
21. Rae1 Rg5 22. Rg3 Kh8 23. Rge3 Rfg8 24. g3 h5 25. Rf3 Rf8 26. Rfe3 h4 27. Kg2
hxg3 28. fxg3 h5 29. Rf3 Kg7 30. Ref1 Kg6 31. d4 h4 32. Rf4 hxg3 33. hxg3 Re8
34. Rxf6+ Kg7 35. Rxd6 Rxe4 36. Rxa6 Re2+ 37. Rf2 Re3 38. Rf3 Re2+ 39. Rf2 Re3
40. Rf3 Re2+ 41. Rf2 Re3 1/2-1/2

[Event "AUTO-ADV-4918"]
[Site "http://www.queenalice.com/game.php?id=1869155"]
[Date "2026.2.12"]
[Round "1"]
[White "maurice916"]
[Black "oniwa"]
[Result "0-1"]
[WhiteElo "1859"]
[BlackElo "1767"]

1. Nf3 d5 2. b3 Nc6 3. Bb2 Bf5 4. e3 e6 5. Bb5 Qd7 6. Ne5 Qd6 7. Nxc6 bxc6 8.
Be2 Nf6 9. O-O Be7 10. c4 O-O 11. d4 Ne4 12. c5 Qd8 13. f3 Nf6 14. Nc3 h5 15. f4
Ng4 16. Bc1 a5 17. h3 Nf6 18. Bd2 Ne4 19. Nxe4 Bxe4 20. Bxh5 Bh4 21. Be1 g6 22.
Bf3 Bf5 23. Bxh4 Qxh4 24. Qe1 Qh6 25. Qg3 Kh7 26. Rac1 Rg8 27. Bg4 Rg7 28. Qf3
Rag8 29. Bxf5 gxf5 30. Rf2 Rg3 31. Qe2 Rxh3 32. Rf3 Rh1+ 33. Kf2 Qh4+ 34. g3
Qh2# 0-1

[Event "AUTO-ADV-4918"]
[Site "http://www.queenalice.com/game.php?id=1869156"]
[Date "2026.2.12"]
[Round "1"]
[White "oniwa"]
[Black "maurice916"]
[Result "1-0"]
[WhiteElo "1794"]
[BlackElo "1869"]

1. d4 Nf6 2. c4 g6 3. Nc3 Bg7 4. e4 d6 5. Bf4 Nbd7 6. Nf3 e5 7. dxe5 dxe5 8.
Nxe5 Nxe5 9. Qxd8+ Kxd8 10. Bxe5 Re8 11. Bxf6+ Bxf6 12. Rd1+ Ke7 13. Nd5+ Kf8
14. Nxf6 Re5 15. Be2 Kg7 16. f4 Ra5 17. Nd5 Rxa2 18. Nxc7 Rb8 19. b4 b6 20. O-O
Rxe2 21. e5 Bf5 22. Nd5 Rc8 23. Rc1 Bd3 24. c5 bxc5 25. bxc5 Be4 26. Rf2 Rxf2
27. Kxf2 Bxd5 28. g4 a6 29. Ke3 Be6 30. h3 Bd7 31. Kd4 Bb5 32. Kd5 Rc6 33. h4 h6
34. f5 gxf5 35. gxf5 Rc8 36. Rg1+ Kh7 37. f6 Rd8+ 38. Ke4 Bd3+ 39. Ke3 Bf5 40.
Rg7+ Kh8 41. Rxf7 Rd5 42. Rf8+ Kh7 43. Kf4 Be6 44. Re8 Bf7 45. Re7 Kg8 46. e6
Bg6 47. c6 Rf5+ 48. Kg4 Rxf6 49. c7 Bf5+ 50. Kh5 Bg6+ 51. Kxh6 Bf7+ 52. Kg5 Rxe6
53. c8=Q+ Kg7 54. Qxe6 1-0

[Event "AUTO-ADV-4918"]
[Site "http://www.queenalice.com/game.php?id=1869177"]
[Date "2026.2.12"]
[Round "1"]
[White "game"]
[Black "oniwa"]
[Result "0-1"]
[WhiteElo "1695"]
[BlackElo "1787"]

1. e4 e5 2. Nf3 Nc6 3. Nc3 f5 4. exf5 Nf6 5. Bc4 Bb4 6. Ng5 Bxc3 7. dxc3 d6 8.
Nf7 Qe7 9. Nxh8 Bxf5 10. Nf7 d5 11. Bxd5 Nxd5 12. Ng5 O-O-O 13. h4 Ndb4 14. Bd2
Nxc2+ 15. Ke2 Bd3+ 16. Kf3 e4+ 17. Kg3 h6 18. Qg4+ Kb8 19. Ne6 Rg8 20. Rac1 Ne5
21. Qh3 Nc4 22. Rcd1 Nxb2 23. Rdf1 Bxf1 24. Rxf1 Nc4 25. Bf4 Qf6 26. Nc5 Qxc3+
27. f3 Ne5 28. Nxe4 Qc4 29. Bxe5 Qxf1 30. Qf5 Ne3 31. Qe6 Qxg2+ 32. Kf4 Rf8+ 33.
Kxe3 Rxf3+ 34. Kd4 Qb2+ 35. Kc4 Qxa2+ 36. Kd4 Qxe6 37. Nd2 Qg4+ 0-1

[Event "AUTO-ADV-4918"]
[Site "http://www.queenalice.com/game.php?id=1869178"]
[Date "2026.2.12"]
[Round "1"]
[White "oniwa"]
[Black "game"]
[Result "1-0"]
[WhiteElo "1774"]
[BlackElo "1708"]

1. d4 c6 2. e4 b5 3. c4 Nf6 4. Nc3 d6 5. Nf3 b4 6. e5 dxe5 7. dxe5 Ng4 8. Ne4
Qb6 9. Be2 e6 10. O-O Bc5 11. Nd6+ Bxd6 12. Qxd6 Nd7 13. c5 Nxc5 14. Ng5 Ba6 15.
Bxg4 Bxf1 16. Be3 Rd8 17. Qxc5 Qxc5 18. Bxc5 Bc4 19. Bxb4 Rd4 20. Bf3 Bd5 21.
Bc5 Ra4 22. a3 Ra5 23. b4 Ra4 24. Bd1 Ra6 25. a4 f5 26. Be2 Rb6 27. Bxb6 axb6
28. b5 c5 29. a5 Ke7 30. a6 h5 31. a7 h4 32. Nh3 Kd7 33. Nf4 Be4 34. Bf3 Bxf3
35. gxf3 Ra8 36. Rd1+ Kc7 37. Nxe6+ Kb7 38. Rd7+ Kc8 39. Rc7# 1-0

[Event "AUTO-ADV-4921"]
[Site "http://www.queenalice.com/game.php?id=1869800"]
[Date "2026.2.26"]
[Round "1"]
[White "oniwa"]
[Black "zubarev"]
[Result "0-1"]
[WhiteElo "1787"]
[BlackElo "1695"]

1. d4 d5 2. c4 e6 3. Nc3 Nf6 4. Bg5 Be7 5. Bxf6 Bxf6 6. Nf3 Nc6 7. e4 dxe4 8.
Nxe4 Be7 9. c5 O-O 10. Bb5 Bd7 11. O-O f5 12. Nc3 Bf6 13. a4 Na5 14. b4 Nc6 15.
Bxc6 Bxc6 16. Ne5 Bd5 17. Nxd5 Qxd5 18. b5 Rad8 19. c6 b6 20. Nd7 Bxd4 21. Ra3
Rf7 22. Rd3 e5 23. Qh5 Bxf2+ 24. Rxf2 Qxd3 25. Qg5 Re8 26. h4 h6 27. Qh5 Qe3 28.
Qd1 e4 29. Qf1 f4 30. Kh2 Qg3+ 31. Kg1 Qxh4 32. Qe2 Rf5 33. g3 Qh3 34. gxf4 Rh5
35. Rh2 Qxh2+ 36. Qxh2 Rxh2 37. Kxh2 e3 0-1

[Event "AUTO-ADV-4921"]
[Site "http://www.queenalice.com/game.php?id=1869801"]
[Date "2026.2.26"]
[Round "1"]
[White "zubarev"]
[Black "oniwa"]
[Result "0-1"]
[WhiteElo "1693"]
[BlackElo "1774"]

1. e4 e5 2. Nf3 Nc6 3. Nc3 Nf6 4. d3 Bb4 5. Be2 Bxc3+ 6. bxc3 O-O 7. Bg5 d6 8.
O-O h6 9. Bh4 a5 10. d4 exd4 11. cxd4 g5 12. Nxg5 hxg5 13. Bxg5 Re8 14. Bd3 Nxd4
15. c3 Nc6 16. Qf3 Ne5 17. Qg3 Ng6 18. Qf3 Kg7 19. Rfe1 Re6 20. Bc4 Re5 21. Bd2
Bg4 22. Qe3 Qh8 23. f3 Bd7 24. Bd3 Rh5 25. h3 Bxh3 26. f4 Bxg2 27. Kxg2 Rh2+ 28.
Kf1 Rh1+ 29. Ke2 Qh5+ 30. Qf3 Rh2+ 31. Ke3 Ng4+ 32. Kd4 Qc5# 0-1

[Event "AUTO-ADV-4923"]
[Site "http://www.queenalice.com/game.php?id=1870286"]
[Date "2026.3.9"]
[Round "1"]
[White "oniwa"]
[Black "Capixaba789"]
[Result "1-0"]
[WhiteElo "1787"]
[BlackElo "1960"]

1. e4 e5 2. Nf3 d6 3. Bc4 Be7 4. d3 Nf6 5. Nc3 Be6 6. Bxe6 fxe6 7. O-O O-O 8. h3
c5 9. Bg5 Nc6 10. a3 Nd4 11. Nxd4 exd4 12. Ne2 e5 13. Ng3 b5 14. b3 a5 15. Ne2
h6 16. Bxf6 Bxf6 17. c3 d5 18. f3 dxe4 19. fxe4 Bg5 20. Ng3 Qd6 21. Nf5 Qe6 22.
Qg4 Rf6 23. h4 Bf4 24. Qxg7# 1-0